000 00331nam a22001457a 4500
003 OSt
005 20160727222350.0
008 160622b xxu||||| |||| 00| 0 eng d
040 _ctest
100 _9364
_aHugo, V,
245 _aLes Miserables
260 _aBetter Your Self Book
_c1986
300 _aLes Miserables
942 _2ddc
_cBK
999 _c296
_d296